Gemeinden Bezirk Emmental - Statistiken

Allgemein
  • Dieses Quiz wurde 123 mal gespielt
  • Das Durchschnittsergebnis liegt bei 22 aus 39
Antwortstatistiken
Antwort Einwohner % Korrekt
Langnau im Emmental 9337
100%
Burgdorf 16'586
95%
Sumiswald 5038
95%
Trub 1322
89%
Trubschachen 1497
89%
Hasle bei Burgdorf 3377
84%
Lützelflüh 4366
79%
Schangnau 915
79%
Eggiwil 2443
74%
Kirchberg 5899
74%
Lauperswil 2704
74%
Affoltern im Emmental 1181
68%
Oberburg 2936
68%
Rüegsau 3255
68%
Rüderswil 2425
63%
Signau 2652
63%
Trachselwald 921
63%
Lyssach 1477
58%
Röthenbach im Emmental 1164
58%
Ersigen 2020
53%
Koppigen 2214
53%
Rüti bei Lyssach 160
53%
Utzenstorf 4476
53%
Aefligen 1140
47%
Dürrenroth 1076
47%
Heimiswil 1613
47%
Krauchthal 2369
47%
Bätterkinden 3368
42%
Hellsau 203
42%
Willadingen 191
42%
Wynigen 2071
42%
Alchenstorf 606
37%
Wiler bei Utzenstorf 1037
37%
Rüdtligen-Alchenflüh 2459
32%
Hindelbank 2806
26%
Kernenried 541
26%
Rumendingen 78
26%
Zielebach 331
16%
Höchstetten 268
11%
Keine übereinstimmenden Quizze gefunden
Verteilung der Resultate
Anzahl Personen mit jedem Resultat
Perzentil nach korrekt beantworteten Fragen
Ihre Resultats-Entwicklung
Sie haben dieses Quiz noch nicht gespielt